[Event "LTU-chT"]
[Site "Lithuania"]
[Date "2019.01.27"]
[Round "2.8"]
[White "Novikovas, Anatolijus"]
[Black "Barsciauskas, Gintautas"]
[Result "1/2-1/2"]
[WhiteElo "1792"]
[BlackElo "1588"]
[PlyCount "94"]
[EventDate "2019.01.26"]
[EventType "team-swiss"]
[EventRounds "7"]
[EventCountry "LTU"]
[SourceTitle "CBM 188 Extra"]
[Source "ChessBase"]
[SourceDate "2019.02.26"]
[SourceVersion "1"]
[SourceVersionDate "2019.02.26"]
[SourceQuality "1"]
[WhiteTeam "Vilnius LASF"]
[BlackTeam "Klaipeda Bokstas"]
[WhiteTeamCountry "LTU"]
[BlackTeamCountry "LTU"]

1. Nf3 Nf6 2. g3 g6 3. Bg2 Bg7 4. 0-0 0-0 5. c4 c6 6. Nc3 d5 7. d3 Na6 8. cxd5 cxd5 9. Bf4 Nc7 10. Rc1 Ne6 11. Be5 a6 12. Qb3 d4 13. Nb1 Ra7 14. Qb4 Nd5 15. Qb3 Nf6 16. Nh4 b5 17. Bb8 Rb7 18. Be5 Rb6 19. Qa3 Bd7 20. Nd2 Bh6 21. Rc2 Ng4 22. Nhf3 Bc6 23. h3 Nxe5 24. Nxe5 Bxg2 25. Kxg2 Qd5+ 26. Ndf3 Bg7 27. Ng4 Rd6 28. Rfc1 h5 29. Ngh2 Bh6 30. Rh1 Kg7 31. Kg1 g5 32. Nf1 Qb7 33. N1d2 f5 34. Kh2 Kf6 35. Nb3 g4 36. hxg4 hxg4 37. Nh4 Bg5 38. Kg1 Rh8 39. Nc5 Qb6 40. Nxe6 Rxe6 41. Qc5 Bxh4 42. Qxb6 Rxb6 43. gxh4 e5 44. Rc7 Rd6 45. Kg2 e4 46. Kg3 Ke5 47. Re7+ Kf6 1/2-1/2

[Event "Plunge op-A 38th"]
[Site "Plateliai"]
[Date "2018.07.22"]
[Round "9"]
[White "Novikovas, Anatolijus"]
[Black "Sarauskas, Andrius"]
[Result "0-1"]
[WhiteElo "1825"]
[BlackElo "1741"]
[PlyCount "72"]
[EventDate "2018.07.16"]
[EventType "swiss"]
[EventRounds "9"]
[EventCountry "LTU"]
[SourceTitle "EXT 2019"]
[Source "ChessBase"]
[SourceDate "2018.10.10"]
[SourceVersion "1"]
[SourceVersionDate "2018.10.10"]
[SourceQuality "1"]

1. d3 Nf6 2. g3 g6 3. Bg2 Bg7 4. e4 d6 5. Nf3 0-0 6. 0-0 c5 7. Qe2 Nc6 8. h3 Nd7 9. c3 Rb8 10. Be3 b5 11. Rd1 Qa5 12. Qd2 b4 13. Bh6 Ba6 14. Bxg7 Kxg7 15. d4 Nb6 16. b3 c4 17. d5 bxc3 18. Nxc3 Ne5 19. Nd4 Rbc8 20. Rac1 Nd3 21. Rc2 Nb4 22. Nb1 cxb3 23. Rxc8 bxa2 24. Nb3 Rxc8 25. Qd4+ e5 26. dxe6+ Qe5 27. Qxb4 axb1Q 28. Rxb1 fxe6 29. f4 Qc3 30. Qxd6 Qxg3 31. Nd4 Bc4 32. Nf3 Kh6 33. Ng5 Ba2 34. Rf1 Rc2 35. Nf7+ Kg7 36. Qd4+ Kxf7 0-1

[Event "Plunge op-A 38th"]
[Site "Plateliai"]
[Date "2018.07.16"]
[Round "1"]
[White "Laurusas, Tomas"]
[Black "Novikovas, Anatolijus"]
[Result "1-0"]
[WhiteElo "2465"]
[BlackElo "1825"]
[PlyCount "41"]
[EventDate "2018.07.16"]
[EventType "swiss"]
[EventRounds "9"]
[EventCountry "LTU"]
[SourceTitle "EXT 2019"]
[Source "ChessBase"]
[SourceDate "2018.10.10"]
[SourceVersion "1"]
[SourceVersionDate "2018.10.10"]
[SourceQuality "1"]

1. d4 d5 2. c4 e6 3. Nc3 Nf6 4. Bg5 Be7 5. e3 0-0 6. Nf3 h6 7. Bf4 c5 8. Bd3 dxc4 9. Bxc4 Nc6 10. 0-0 cxd4 11. exd4 Nb4 12. Ne5 Nbd5 13. Bg3 Nxc3 14. bxc3 Ne4 15. Qd3 Nxg3 16. fxg3 Bf6 17. Ng4 Bg5 18. Bb3 h5 19. Ne5 Qe8 20. Bc2 g6 21. Nxf7 1-0

[Event "LTU-ch"]
[Site "Kaunas"]
[Date "2018.03.03"]
[Round "3"]
[White "Novikovas, Anatolijus"]
[Black "Barsciauskas, Gintautas"]
[Result "1-0"]
[WhiteElo "1840"]
[BlackElo "1657"]
[PlyCount "91"]
[EventDate "2018.03.02"]
[EventType "swiss"]
[EventRounds "9"]
[EventCountry "LTU"]
[SourceTitle "CBM 183 Extra"]
[Source "ChessBase"]
[SourceDate "2018.04.19"]
[SourceVersion "1"]
[SourceVersionDate "2018.04.19"]
[SourceQuality "1"]

1. Nf3 d5 2. e3 c5 3. c4 e6 4. Nc3 Nf6 5. d4 Nc6 6. cxd5 exd5 7. Be2 Be7 8. dxc5 0-0 9. 0-0 Bxc5 10. b3 Bf5 11. Nb5 h6 12. Bb2 Ne4 13. Rc1 Be7 14. Nbd4 Bd7 15. Nxc6 bxc6 16. Ne5 Bf6 17. Nxd7 Qxd7 18. Bxf6 Nxf6 19. Qc2 Rac8 20. Bd3 Qd6 21. Qc5 Qb8 22. h3 Rc7 23. Rc2 Rd8 24. Rfc1 Qc8 25. Qa5 Rd6 26. b4 Nd7 27. Bf5 g6 28. Bxd7 Rdxd7 29. Rc5 d4 30. exd4 Rxd4 31. b5 Qd7 32. Rxc6 Rd1+ 33. Rxd1 Qxd1+ 34. Kh2 Rxc6 35. bxc6 Qd6+ 36. g3 Qd4 37. Qe1 Qc5 38. Qe3 Qxc6 39. Qxa7 Qd6 40. a4 g5 41. Qa8+ Kg7 42. Kg2 h5 43. a5 f5 44. Qb7+ Kf6 45. a6 f4 46. a7 1-0

[Event "IBCA-ol blind 15th"]
[Site "Ohrid"]
[Date "2017.06.21"]
[Round "3.3"]
[White "Novikovas, Anatolijus"]
[Black "Janjic, Stefan"]
[Result "0-1"]
[WhiteElo "1864"]
[BlackElo "2147"]
[PlyCount "80"]
[EventDate "2017.06.19"]
[EventType "team-swiss"]
[EventRounds "9"]
[EventCountry "MKD"]
[SourceTitle "CBM 179 Extra"]
[Source "ChessBase"]
[SourceDate "2017.08.23"]
[SourceVersion "1"]
[SourceVersionDate "2017.08.23"]
[SourceQuality "1"]
[WhiteTeam "Lithuania"]
[BlackTeam "Serbia"]
[WhiteTeamCountry "LTU"]
[BlackTeamCountry "SRB"]

1. d4 d5 2. e3 Nf6 3. Bd3 c5 4. c3 Nc6 5. f4 Bg4 6. Nf3 e6 7. Nbd2 Be7 8. 0-0 0-0 9. Qe1 Bf5 10. Qe2 a6 11. Ne5 Qc7 12. Ndf3 c4 13. Bc2 b5 14. Nxc6 Qxc6 15. Ne5 Qc7 16. g4 Bxc2 17. Qxc2 Ne4 18. Nf3 Bd6 19. Bd2 f6 20. Be1 a5 21. Nd2 Nxd2 22. Bxd2 f5 23. h3 Qe7 24. Kg2 b4 25. b3 Rac8 26. bxc4 Rxc4 27. Qd3 fxg4 28. hxg4 Qh4 29. Rh1 Qxg4+ 30. Kf2 Qf5 31. Qxf5 exf5 32. cxb4 axb4 33. Rh5 Rc2 34. Ke2 g6 35. Rh6 Ra8 36. a4 bxa3 37. Kd3 Rc7 38. Ra2 Rb8 39. Ba5 Rb3+ 40. Ke2 Rc1 0-1

[Event "LTU-chT"]
[Site "Lithuania"]
[Date "2017.03.18"]
[Round "6.9"]
[White "Novikovas, Anatolijus"]
[Black "Mockus, Dziugas"]
[Result "1-0"]
[WhiteElo "1862"]
[BlackElo "1589"]
[PlyCount "69"]
[EventDate "2017.01.28"]
[EventType "team-swiss"]
[EventRounds "7"]
[EventCountry "LTU"]
[SourceTitle "EXT 2018"]
[Source "ChessBase"]
[SourceDate "2017.10.13"]
[SourceVersion "1"]
[SourceVersionDate "2017.10.13"]
[SourceQuality "1"]
[WhiteTeam "LASF"]
[BlackTeam "Marijampole Suduva"]
[WhiteTeamCountry "LTU"]
[BlackTeamCountry "LTU"]

1. Nf3 d5 2. g3 Nf6 3. Bg2 Bf5 4. d3 e6 5. 0-0 c5 6. c4 Nc6 7. Qb3 Qb6 8. Nc3 Qxb3 9. axb3 0-0-0 10. Bd2 Bd6 11. Rfc1 d4 12. Nb5 Bb8 13. Nh4 Rd7 14. Ra4 Re8 15. b4 cxb4 16. Bxb4 Nxb4 17. Rxb4 a6 18. Na3 Ng8 19. Ra4 Ne7 20. b4 Bc7 21. b5 a5 22. c5 Nd5 23. Bxd5 Rxd5 24. b6 Bb8 25. Rxa5 g5 26. Nf3 e5 27. Nb5 Bd7 28. Nd6+ Kd8 29. Nxe8 Bxe8 30. Ra8 Kc8 31. Nxg5 f5 32. Ne6 Bc6 33. Nc7 Rd7 34. Rca1 Rxc7 35. bxc7 1-0

[Event "LTU-ch"]
[Site "Vilnius"]
[Date "2017.02.28"]
[Round "5"]
[White "Gurevicius, Arunas"]
[Black "Novikovas, Anatolijus"]
[Result "0-1"]
[WhiteElo "1683"]
[BlackElo "1862"]
[PlyCount "132"]
[EventDate "2017.02.25"]
[EventType "swiss"]
[EventRounds "9"]
[EventCountry "LTU"]
[SourceTitle "CBM 177 Extra"]
[Source "ChessBase"]
[SourceDate "2017.04.27"]
[SourceVersion "1"]
[SourceVersionDate "2017.04.27"]
[SourceQuality "1"]

1. Nf3 c5 2. c4 Nc6 3. g3 g6 4. Bg2 Bg7 5. 0-0 Nf6 6. Nc3 0-0 7. d3 e6 8. Bg5 h6 9. Bf4 d6 10. h4 e5 11. Bd2 Be6 12. e4 Nd4 13. Qc1 Nxf3+ 14. Bxf3 Bh3 15. Bg2 Bxg2 16. Kxg2 Kh7 17. a3 Qd7 18. b4 b6 19. b5 Ne8 20. Nd5 Nc7 21. Nxc7 Qxc7 22. Rb1 f5 23. f3 Rf7 24. a4 Raf8 25. Qe1 Qd7 26. Qe2 Qe7 27. exf5 gxf5 28. f4 Qb7+ 29. Kh2 Re7 30. Rbe1 e4 31. dxe4 Rxe4 32. Qd3 Rfe8 33. Rxe4 Qxe4 34. Rf3 Bd4 35. Kh3 h5 36. Qxe4 fxe4 37. Rf1 e3 38. Be1 Kg6 39. g4 hxg4+ 40. Kxg4 Kf6 41. Kf3 Rg8 42. Ke4 Rg2 43. Rh1 Ra2 44. h5 Kg7 45. h6+ Kh7 46. Bh4 Rxa4 47. Kd5 e2 48. Re1 Ra2 49. f5 Kxh6 50. Ke6 Rc2 51. f6 Bxf6 52. Bxf6 Kh5 53. Kxd6 Kg4 54. Kc6 Kf3 55. Kb7 Ra2 56. Kc6 Ke3 57. Rg1 Kf2 58. Rc1 Ke3 59. Kb7 Kd2 60. Bg5+ Kd3 61. Kc6 Rc2 62. Rxc2 e1Q 63. Rd2+ Kxc4 64. Rd7 Qe4+ 65. Kd6 Qd5+ 66. Kc7 Qxg5 0-1

[Event "LTU-ch Blind and Visually Impaired"]
[Site "Kaunas"]
[Date "2017.02.11"]
[Round "7.3"]
[White "Novikovas, Anatolijus"]
[Black "Grybas, Gintaras"]
[Result "1/2-1/2"]
[WhiteElo "1862"]
[BlackElo "2028"]
[PlyCount "21"]
[EventDate "2017.02.07"]
[EventType "tourn"]
[EventRounds "8"]
[EventCountry "LTU"]
[SourceTitle "EXT 2024"]
[Source "ChessBase"]
[SourceDate "2023.10.10"]
[SourceVersion "1"]
[SourceVersionDate "2023.10.10"]
[SourceQuality "1"]

1. d4 Nf6 2. Nf3 d5 3. Bf4 Bf5 4. e3 e6 5. Bd3 Bd6 6. Bxd6 Qxd6 7. 0-0 0-0 8. c4 Bxd3 9. Qxd3 c6 10. Nc3 Nbd7 11. Rac1 1/2-1/2

[Event "LTU-ch Blind and Visually Impaired"]
[Site "Kaunas"]
[Date "2017.02.10"]
[Round "6.1"]
[White "Staskeviciute, Darija"]
[Black "Novikovas, Anatolijus"]
[Result "0-1"]
[WhiteElo "1319"]
[BlackElo "1862"]
[PlyCount "82"]
[EventDate "2017.02.07"]
[EventType "tourn"]
[EventRounds "8"]
[EventCountry "LTU"]
[SourceTitle "EXT 2024"]
[Source "ChessBase"]
[SourceDate "2023.10.10"]
[SourceVersion "1"]
[SourceVersionDate "2023.10.10"]
[SourceQuality "1"]

1. d4 Nf6 2. Nf3 e6 3. g3 c5 4. Bg2 Nc6 5. 0-0 cxd4 6. Nxd4 Bc5 7. e3 0-0 8. c4 a6 9. Nc3 Qc7 10. b3 Be7 11. Bb2 b6 12. Ne4 Nxe4 13. Bxe4 Bb7 14. Qc2 f5 15. Bg2 Nxd4 16. Bxd4 Bxg2 17. Kxg2 d5 18. Rac1 Rac8 19. Qb2 dxc4 20. Bxg7 Rf7 21. Bd4 Qc6+ 22. Kg1 b5 23. Rc2 Qd5 24. Rfc1 Bf8 25. Be5 Bg7 26. Bxg7 Rxg7 27. Qa3 Rc6 28. Qb2 Rd7 29. Qf6 Qf3 30. Qg5+ Kf7 31. Rf1 Rd1 32. Rc1 Rxf1+ 33. Rxf1 c3 34. Qd8 Qd5 35. Qh8 c2 36. Qxh7+ Ke8 37. Qh8+ Kd7 38. Qg7+ Kc8 39. Qh8+ Kb7 40. Qg7+ Rc7 41. Qb2 Qd1 0-1

[Event "LTU-ch Blind and Visually Impaired"]
[Site "Vilnius"]
[Date "2016.04.23"]
[Round "5.1"]
[White "Novikovas, Anatolijus"]
[Black "Grybas, Gintaras"]
[Result "1-0"]
[WhiteElo "1817"]
[BlackElo "2004"]
[PlyCount "154"]
[EventDate "2016.04.20"]
[EventType "tourn"]
[EventRounds "7"]
[EventCountry "LTU"]
[SourceTitle "EXT 2024"]
[Source "ChessBase"]
[SourceDate "2023.10.10"]
[SourceVersion "1"]
[SourceVersionDate "2023.10.10"]
[SourceQuality "1"]

1. d4 d5 2. Nf3 Nf6 3. c4 c6 4. cxd5 Nxd5 5. Nc3 Bf5 6. Qb3 Qb6 7. Qxb6 Nxb6 8. e4 Bg6 9. Ne5 N8d7 10. Nxg6 hxg6 11. Be3 e5 12. Be2 exd4 13. Bxd4 Bc5 14. Bxc5 Nxc5 15. 0-0 Ke7 16. b4 Ne6 17. a4 Nd4 18. Bd3 Rad8 19. Rfd1 Rd7 20. a5 Nc8 21. b5 Nb3 22. Ra3 Nc5 23. Be2 Rxd1+ 24. Nxd1 cxb5 25. Bxb5 Rd8 26. Nc3 Rd4 27. f3 Nd6 28. Bf1 Kd7 29. Nb5 Nxb5 30. Bxb5+ Kd6 31. Rc3 g5 32. Be8 f6 33. Rc1 Rd2 34. Bf7 Rd3 35. Rb1 Ra3 36. Bd5 Kc7 37. Rb5 Rc3 38. Kf2 a6 39. Rb6 Ra3 40. e5 Rxa5 41. exf6 Nd3+ 42. Ke3 Rxd5 43. fxg7 Kxb6 44. g8Q Nb4 45. Qe6+ Kb5 46. g3 a5 47. f4 gxf4+ 48. gxf4 a4 49. Qe8+ Nc6 50. Qc8 b6 51. f5 Ne7 52. Qe8+ Nc6 53. Qc8 Ne7 54. Qe8+ Nc6 55. Kf4 a3 56. Qa8 Rd4+ 57. Kg5 Ra4 58. Qh8 a2 59. Qa1 Nd4 60. f6 Nb3 61. Qe5+ Kb4 62. f7 a1Q 63. f8Q+ Nc5 64. Qxa1 Rxa1 65. Qf4+ Kb5 66. Qe5 Rg1+ 67. Kh6 Kc6 68. Qf6+ Kb5 69. h4 Re1 70. Qb2+ Kc6 71. h5 b5 72. Kh7 Re4 73. Kg6 b4 74. h6 b3 75. h7 Re8 76. h8Q Rxh8 77. Qxh8 Kb5 1-0